00447nam a2200217Ia 4500008004000000041000800040082001200048100001500060245004800075260002000123440000600143650000800149650000800157650001000165650000700175650000600182650001000188650001100198650001200209650000800221210210b1847 xxu||||| |||| 00| 0 eng d aeng a828/299 aHOWITT (W) aHomes and haunts of the British poets Vol I aLondonb-c1847 a1 aVol athe apoets aof aI aHomes ahaunts aBritish aand